| 000 | 00468nam a2200145 a 4500 | ||
|---|---|---|---|
| 001 | 000045678 | ||
| 005 | 20201002052401.0 | ||
| 008 | 150424sxxu dr 000 0 spa d | ||
| 040 |
_aDO-SdBNP _bspa _cBNPHU |
||
| 082 |
_axxxx _bxxxx |
||
| 100 | 1 |
_aAybar, Agustín _959033 |
|
| 245 | 1 | 0 |
_aMinutos : _bensayos, humorísticos y cuentos / _cAgustín Aybar. |
| 260 |
_aSantiago de los Caballeros, República Dominicana : _bMuchas Gracias, _c[s.f.]. |
||
| 300 |
_a103 p. ; _c12 cm. |
||
| 999 |
_c45167 _d45167 |
||